000 00304nam a2200121Ia 4500
008 151213s9999 xx 000 0 und d
245 _aGlobal Economics Prospects
260 _aWashington D.C
_bInternational Bank
_c2001
300 _a2050 p.
650 _aEconomics
650 _aEconomics
999 _c1505
_d1505